Normal view
MARC view
- Fariha Tauseef
Entry Personal Name
001 - CONTROL NUMBER
- control field: 15739
003 - CONTROL NUMBER IDENTIFIER
- control field: NUST
005 - DATE AND TIME OF LATEST TRANSACTION
- control field: 20190627073113.0
008 - FIXED-LENGTH DATA ELEMENTS
- fixed length control field: 190627|| aca||aabn | a|a d
040 ## - CATALOGING SOURCE
- Original cataloging agency: NUST
- Transcribing agency: NUST
100 ## - HEADING--PERSONAL NAME
- Personal name: Fariha Tauseef
670 ## - SOURCE DATA FOUND
- Source citation: Work cat.: (NUST): Fariha Tauseef, DETECTION OF HEART DISEASE USING DECISION TREE METHOD /, 2018.
